000 00795cam a22002652 4500
001 10497
003 BD-RjUL
005 20211208234951.0
008 140123s1965 enk 001 0 eng
035 _a(BD-RjUL)10545
040 _aDLC
_cCSU
_dBD-RjUL
_beng
041 _aeng
082 0 4 _a547
_218
_bLYC 1965
100 1 _aLyons, C. G.
_q(Charles George)
_932418
245 1 2 _aA concise text-book of organic chemistry /
_cC. G. Lyons, S. McLintock [and] Nora H. Lumb.
260 _aOxford ;
_aNew York :
_bPergamon Press,
_cc1965.
300 _ax, 253 p. :
_c20 cm.
_bills. ;
504 _aIncludes index.
650 0 _aChemistry, Organic.
_932419
700 1 _aMcLintock, S.
_932420
700 1 _aLumb, Nora H.
_932421
942 _2ddc
_cBK
999 _c10497
_d10497